000 02119nam0a2200397 i 4500
001 RU\NLR\BIBL_A\011473106
005 20241104124208.0
010 _a9785995007807
_91500
035 _a(NLR Aleph) 011473106
090 _a11864505
_c11864505
100 _a20170915d2017 km y0rusy50 ca
101 0 _arus
102 _aRU
105 _aa z 000 y
200 1 _aГалерея драгоценностей
_dGallery of jewelry
_eколлекции европейского ювелирного искусства
_fОльга Костюк
_gГосударственный Эрмитаж
_zeng
210 _aМосква
_cКучково поле
_d2017
215 _a415 с.
_cцв. ил., портр.
_d29
300 _aАвт. также на англ. яз.: Olga Kostyuk
300 _aНа обл. авт. не указан
510 1 _6z45790
_aGallery of jewelry
_zeng
517 1 _aКоллекции европейского ювелирного искусства
601 0 2 _aГосударственный Эрмитаж
_cСанкт-Петербург, город
_xКоллекция ювелирного искусства
_92344603
_3RU\NLR\AUTH\661401191
606 1 _aЮвелирное искусство
_yЕвропа Западная
_z18 - 19 вв.
_92356910
_3RU\NLR\AUTH\6601630290
606 1 _aЮвелирное искусство русское
_z18 - 20 вв.
_92244813
_3RU\NLR\AUTH\661346789
606 _aЮвелирное искусство русское советское
_91148692
_3RU\NLR\AUTH\66139893
686 1 _aЩ101.3(2Р)-2Санкт-Петербург2Эрмитаж
686 1 _aЩ125.444.3(0)5
686 1 _aЩ125.444.3(2Р=Рус)5
686 1 _aЩ125.444.3(2Р=Рус)7
700 1 _7ca
_8rus
_aКостюк
_bО. Г.
_gОльга Григорьевна
_9185267
_3RU\NLR\AUTH\770185318
790 1 _7ba
_8rus
_aKostjuk
_bO. G.
_gOl'ga Grigor'evna
_9185268
_3RU\NLR\AUTH\770185319
942 _cBOOK
980 _aNBR